Bochum - U35 Stationen - Statistiken

Allgemein
  • Dieses Quiz wurde 162 mal gespielt
  • Das Durchschnittsergebnis liegt bei 13 aus 22
Antwortstatistiken
Hint Antwort % Korrekt
13 Bochum Hbf
81%
22 Hustadt
79%
16 Wasserstraße
78%
19 Gesundheitscampus
69%
8 Riemke Markt
69%
18 Markstraße
66%
14 Oskar-Hoffmann-Straße
65%
1 Schloss Strünkede
65%
20 Ruhr-Universität Bochum
62%
12 Rathaus (Nord)
61%
15 Waldring
61%
11 Deutsches Bergbau-Museum
59%
2 Herne Bahnhof
58%
17 Brenscheder Straße
55%
21 Lennershof
54%
9 Zeche Constantin
49%
3 Herne Mitte
48%
10 Feldsieper Straße
47%
4 Archäologie-Museum/ Kreuzkirche
39%
7 Rensingstraße
38%
5 Hölkeskampring
29%
6 Berninghausstraße
25%
Keine übereinstimmenden Quizze gefunden
Verteilung der Resultate
Anzahl Personen mit jedem Resultat
Perzentil nach korrekt beantworteten Fragen
Ihre Resultats-Entwicklung
Sie haben dieses Quiz noch nicht gespielt